00388 2200157 4500001002100000008004100021035002000062245005100082100001700133250000600150260002600156084001400182082000800196650001400204990001200218INLIS000000000001178 ind  a0010-0524000413 aSosiologi Untuk SMA & MA Kelas XIcKun Maryati aMaryati, Kun a1 aJakarta :bESISc2006 a301 KUN s a301 aReferensi a0713589